Filipino 2 pagbasa at pagsulat sa ibat' ibang disiplina (Record no. 2180)

MARC details
000 -LEADER
fixed length control field 00554nam a22001937a 4500
003 - CONTROL NUMBER IDENTIFIER
control field URS
005 - DATE AND TIME OF LATEST TRANSACTION
control field 20220114142027.0
008 - FIXED-LENGTH DATA ELEMENTS--GENERAL INFORMATION
fixed length control field 200121s2002 ph |||| |||| 00| 0 eng d
020 ## - INTERNATIONAL STANDARD BOOK NUMBER
International Standard Book Number 9715061087
040 ## - CATALOGING SOURCE
Transcribing agency URS
Language of cataloging eng
Modifying agency rda
050 14 - LIBRARY OF CONGRESS CALL NUMBER
Classification number PL 6055
Item number .B8691 2002
100 ## - MAIN ENTRY--PERSONAL NAME
Personal name Bron,Ligaya O.
245 10 - TITLE STATEMENT
Title Filipino 2 pagbasa at pagsulat sa ibat' ibang disiplina
Statement of responsibility, etc. Ligaya O. Bron
260 ## - PUBLICATION, DISTRIBUTION, ETC.
Place of publication, distribution, etc. Manila :
Name of publisher, distributor, etc. U.S.T Publishing House;
Date of publication, distribution, etc. [2002]
300 ## - PHYSICAL DESCRIPTION
Extent xv 247 pages:
Dimensions 23 cm.
504 ## - BIBLIOGRAPHY, ETC. NOTE
Bibliography, etc. note Bibliography:p.246
650 ## - SUBJECT ADDED ENTRY--TOPICAL TERM
Topical term or geographic name entry element Pagbasa at Pagsulat
942 ## - ADDED ENTRY ELEMENTS (KOHA)
Source of classification or shelving scheme Library of Congress Classification
Koha item type Filipiniana
Holdings
Withdrawn status Source of classification or shelving scheme Damaged status Not for loan Collection code Home library Current library Shelving location Date acquired Total Checkouts Full call number Barcode Date last seen Price effective from Koha item type
  Library of Congress Classification     Non-fiction Cainta College Library Cainta College Library On Display 09/28/2017   PL 6055.B8691 2002 URSCAI-3089 09/28/2017 09/28/2017 Filipiniana

University of Rizal System
Email us at univlibservices@urs.edu.ph

Visit our Website www.urs.edu.ph/library